[Event "RSA-chT U20A"]
[Site "Boksburg"]
[Date "2018.12.19"]
[Round "6.5"]
[White "Van der Lingen, Waldi"]
[Black "Beyers, Brad"]
[Result "1-0"]
[WhiteElo "1528"]
[BlackElo "832"]
[PlyCount "77"]
[EventDate "2018.12.16"]
[EventType "team-tourn"]
[EventRounds "7"]
[EventCountry "RSA"]
[SourceTitle "EXT 2020"]
[Source "ChessBase"]
[SourceDate "2019.10.17"]
[SourceVersion "1"]
[SourceVersionDate "2019.10.17"]
[SourceQuality "1"]
[WhiteTeam "Johannesburg Metro U20"]
[BlackTeam "Ethekwini U20"]
[WhiteTeamCountry "RSA"]
[BlackTeamCountry "RSA"]

1. d4 Nf6 2. Nf3 d5 3. e3 c6 4. Bd3 h6 5. 0-0 Bg4 6. Nbd2 e6 7. Qe1 Bd6 8. b3 Nbd7 9. Bb2 Qc7 10. Rc1 Bb4 11. Ne5 Bd6 12. f4 Bb4 13. c3 Bd6 14. Qg3 0-0-0 15. Nxg4 Nxg4 16. Qxg4 g6 17. c4 Be7 18. Qe2 Nf6 19. e4 g5 20. f5 h5 21. fxe6 fxe6 22. exd5 Ng4 23. Nf3 Rdf8 24. Ne5 Rxf1+ 25. Rxf1 Bd6 26. c5 Bxe5 27. dxe5 cxd5 28. Bd4 Qe7 29. h3 Nh6 30. Qxh5 Qg7 31. Qf3 g4 32. Qf6 Rg8 33. Qxg7 Rxg7 34. Be3 Ng8 35. hxg4 Rxg4 36. Rf7 Rg3 37. Kf2 Rg4 38. Kf3 Rh4 39. Rf8+ 1-0